Comercio exterior

Uložené v:
Podrobná bibliografia
Médium: Seriál
Jazyk:Spanish
Vydavateľské údaje: México Banco National de Comercio Exterior 1988
Tagy: Pridať tag
Žiadne tagy, Buďte prvý, kto otaguje tento záznam!

MARC

LEADER 00000nas2a2200000 4500
001 s025954
005 20250730114134.8
041 0 |a spa 
044 |a MX 
245 1 0 |a Comercio exterior 
264 1 |a México  |b Banco National de Comercio Exterior  |c 1988 
773 0 |w eu_un_cat*s120108